[Event "Medicine Hat op"]
[Site "Medicine Hat CAN"]
[Date "2002.09.14"]
[Round "3"]
[White "Li, Zhichao"]
[Black "Gardner, Robert"]
[Result "1-0"]
[WhiteElo "2116"]
[BlackElo "2236"]
[PlyCount "95"]
[EventDate "2002.09.14"]
[EventType "swiss"]
[EventRounds "5"]
[EventCountry "CAN"]

1. Nf3 f5 2. e4 fxe4 3. Ng5 Nf6 4. d3 e5 5. dxe4 h6 6. Nf3 Nc6 7. Bc4 Bc5 8.
O-O d6 9. a3 Bg4 10. b4 Bb6 11. Qd3 Qd7 12. Nc3 Nh5 13. Nd5 Rf8 14. Ne1 Nf4 15.
Bxf4 exf4 16. Nf3 Bxf3 17. Nxb6 axb6 18. Qxf3 Ne5 19. Qb3 Nxc4 20. Qxc4 f3 21.
e5 fxg2 22. Rfe1 d5 23. Qh4 Qe6 24. a4 Rf5 25. Ra3 g5 26. Qh5+ Ke7 27. Rf3 Rxf3
28. Qxf3 Rxa4 29. c3 Ra8 30. Qd3 Rf8 31. b5 Qf5 32. Qe2 c5 33. bxc6 bxc6 34.
Qa2 Ke6 35. c4 Qd3 36. cxd5+ Qxd5 37. Qe2 Rf5 38. Qh5 Qf3 39. Qxh6+ Ke7 40.
Qd6+ Ke8 41. Qb8+ Ke7 42. Qc7+ Ke8 43. Qxb6 Qd5 44. e6 Qd6 45. Qb2 Rf8 46. e7
Rg8 47. Qa2 Qg6 48. Qa7 1-0

[Event "Medicine Hat op"]
[Site "Medicine Hat CAN"]
[Date "2002.09.15"]
[Round "4"]
[White "Hughey, Micah"]
[Black "Li, Zhichao"]
[Result "0-1"]
[WhiteElo "1972"]
[BlackElo "2116"]
[PlyCount "158"]
[EventDate "2002.09.14"]
[EventType "swiss"]
[EventRounds "5"]
[EventCountry "CAN"]

1. e4 c6 2. d4 d5 3. exd5 cxd5 4. c4 e6 5. Nc3 Nf6 6. Bg5 Be7 7. Nf3 O-O 8. c5
b6 9. b4 a5 10. a3 Bb7 11. Bb5 axb4 12. axb4 Ne4 13. Rxa8 Bxa8 14. Bxe7 Qxe7
15. Nxe4 dxe4 16. Ne5 e3 17. O-O bxc5 18. dxc5 Qb7 19. Qf3 Qxb5 20. Qxa8 Qxb4
21. fxe3 Qxc5 22. Qe4 f6 23. Nd3 Qc6 24. Qd4 Qd7 25. Qc4 Nc6 26. Nc5 Qd5 27.
Qxd5 exd5 28. Rd1 Ne7 29. Ne6 Rb8 30. Nf4 Rb5 31. h4 Kf7 32. g4 Ng6 33. Nxg6
Kxg6 34. Kf2 h5 35. Rd4 hxg4 36. Rxg4+ Kh6 37. Rd4 Kh5 38. Kg3 g6 39. Kf3 f5
40. Kg3 Rb1 41. Kg2 Re1 42. Kf3 Rh1 43. Kg3 Rg1+ 44. Kh3 Re1 45. Rd3 Rh1+ 46.
Kg3 Rxh4 47. Rxd5 Re4 48. Kf3 Kg5 49. Ra5 Rh4 50. Kg3 Rb4 51. Rc5 Re4 52. Kf3
Kf6 53. Ra5 Re5 54. Ra6+ Kg5 55. Ra1 Rb5 56. Rh1 Kf6 57. Ra1 g5 58. Ra4 Ke5 59.
Ra8 g4+ 60. Kg3 Ke4 61. Ra3 Rd5 62. Ra8 Re5 63. Ra3 Re8 64. Kf2 Rd8 65. Ra4+
Ke5 66. Ra5+ Rd5 67. Ra2 Rb5 68. Rd2 Rb4 69. Ra2 Ke4 70. Rd2 g3+ 71. Kxg3 Kxe3
72. Rd5 f4+ 73. Kh2 Ke2 74. Rf5 Kf2 75. Kh1 f3 76. Rh5 Kf1 77. Rh2 f2 78. Rh8
Re4 79. Kh2 Ke2 0-1

[Event "Medicine Hat op"]
[Site "Medicine Hat CAN"]
[Date "2002.09.15"]
[Round "4"]
[White "Wong, Ford"]
[Black "Kuczaj, Chris"]
[Result "0-1"]
[WhiteElo "2035"]
[BlackElo "2014"]
[PlyCount "44"]
[EventDate "2002.09.14"]
[EventType "swiss"]
[EventRounds "5"]
[EventCountry "CAN"]
[SourceDate "2003.08.17"]

1. d4 Nf6 2. c4 g6 3. Bg5 Bg7 4. Nc3 c5 5. d5 d6 6. e4 O-O 7. Qd2 Qa5 8. Bd3
Re8 9. Nge2 e6 10. O-O Nbd7 11. Bf4 exd5 12. exd5 Ne5 13. Bxe5 Rxe5 14. f4 Bh6
15. Qc2 Re8 16. Nb5 Ne4 17. Ng3 f5 18. h3 Nf6 19. Nc3 Bd7 20. Qf2 Bg7 21. Kh2
Qd8 22. Rae1 Ng4+ 0-1

[Event "Medicine Hat op"]
[Site "Medicine Hat CAN"]
[Date "2002.09.15"]
[Round "5"]
[White "Boehmer, Kris"]
[Black "Li, Zhichao"]
[Result "0-1"]
[WhiteElo "2115"]
[BlackElo "2116"]
[PlyCount "112"]
[EventDate "2002.09.14"]
[EventType "swiss"]
[EventRounds "5"]
[EventCountry "CAN"]

1. c4 Nf6 2. Nc3 d5 3. cxd5 Nxd5 4. g3 Nxc3 5. bxc3 g6 6. Bg2 Bg7 7. Rb1 c6 8.
Nf3 O-O 9. O-O b6 10. Qc2 Bb7 11. d4 Nd7 12. Rd1 Qc8 13. c4 e6 14. c5 b5 15. a4
bxa4 16. Ng5 Nf6 17. Qxa4 h6 18. Rxb7 Qxb7 19. Bxc6 Qc8 20. Bxa8 Qxa8 21. Nf3
Qe4 22. Qa6 Nd5 23. Qd3 Qxd3 24. Rxd3 a5 25. e4 Nb4 26. Ra3 Nc2 27. Rxa5 Nxd4
28. Nxd4 Bxd4 29. Bxh6 Rc8 30. Be3 Bxe3 31. fxe3 Kg7 32. e5 Rb8 33. c6 Rb1+ 34.
Kf2 Rc1 35. Ra6 Rc2+ 36. Kf3 Rxh2 37. c7 Rc2 38. Ra7 Kh6 39. c8=Q Rxc8 40. Rxf7
Kg5 41. Rf6 Rc6 42. Ke4 Rc4+ 43. Kd3 Rc6 44. Kd4 Kh5 45. Ke4 Rc4+ 46. Kf3 Rc6
47. Kf4 g5+ 48. Kf3 g4+ 49. Kf4 Rc4+ 50. e4 Rc3 51. Rf5+ exf5 52. Kxf5 Rf3+ 53.
Ke6 Rxg3 54. Kf7 Ra3 55. e6 g3 56. e7 Ra8 0-1

[Event "Mike Shpan mem"]
[Site "Winnipeg CAN"]
[Date "2002.11.05"]
[Round "1.1"]
[White "Schulz, Waldemar"]
[Black "Kohalmi, Andy"]
[Result "1-0"]
[WhiteElo "2075"]
[BlackElo "1554"]
[PlyCount "65"]
[EventDate "2002.11.05"]
[EventType "swiss"]
[EventRounds "6"]
[EventCountry "CAN"]
[Source "ChessBase"]
[SourceDate "2003.11.25"]

1. d4 Nf6 2. c4 g6 3. Nc3 d5 4. Nf3 Bg7 5. Bg5 c6 6. e3 Nbd7 7. Bd3 dxc4 8.
Bxc4 Nb6 9. Bd3 Bg4 10. h3 Be6 11. Qe2 Rc8 12. Rd1 O-O 13. O-O h6 14. Bf4 Nfd5
15. Nxd5 Nxd5 16. Be5 Qa5 17. a3 c5 18. e4 Bxe5 19. exd5 Bxd5 20. dxe5 Bb3 21.
Rc1 Rc7 22. Qe3 Kg7 23. Bxg6 c4 24. Bb1 e6 25. Qe4 Rh8 26. Nd4 Qb6 27. Bc2 Ba2
28. Qh4 Kf8 29. Qd8+ Kg7 30. Qf6+ Kg8 31. Rfd1 Rc8 32. Ba4 Rd8 33. Nxe6 1-0

[Event "Mike Shpan mem"]
[Site "Winnipeg CAN"]
[Date "2002.11.05"]
[Round "1.2"]
[White "Trueman, Francis"]
[Black "Czypinski, Jaroslaw"]
[Result "0-1"]
[WhiteElo "1523"]
[BlackElo "1925"]
[PlyCount "68"]
[EventDate "2002.11.05"]
[EventType "swiss"]
[EventRounds "6"]
[EventCountry "CAN"]
[Source "ChessBase"]
[SourceDate "2003.11.25"]

1. Nf3 d5 2. d3 Nf6 3. Nbd2 Nc6 4. g3 e5 5. e4 dxe4 6. dxe4 Bc5 7. Bg2 Bg4 8.
O-O Qe7 9. c3 O-O 10. a4 a5 11. Re1 Rfd8 12. Qe2 Rd7 13. Nf1 Rad8 14. h4 Bb6
15. N1h2 Be6 16. Bg5 h6 17. Bxf6 Qxf6 18. Rad1 Qe7 19. Rxd7 Rxd7 20. Nf1 Bb3
21. Ne3 Bxe3 22. fxe3 Bxa4 23. Ra1 Bb3 24. Qb5 a4 25. Qxb7 Qd6 26. Bh3 Rd8 27.
Kf2 Na5 28. Qb4 Qxb4 29. cxb4 Nc4 30. Rb1 Nd2 31. Rc1 Nxf3 32. Kxf3 Rd2 33. Kg4
Be6+ 34. Kh5 Bxh3 0-1

[Event "Mike Shpan mem"]
[Site "Winnipeg CAN"]
[Date "2002.11.05"]
[Round "1.4"]
[White "Kwiatek, Jordan"]
[Black "Estabrooks, Mike"]
[Result "0-1"]
[WhiteElo "1513"]
[BlackElo "1783"]
[PlyCount "46"]
[EventDate "2002.11.05"]
[EventType "swiss"]
[EventRounds "6"]
[EventCountry "CAN"]
[Source "ChessBase"]
[SourceDate "2003.11.25"]

1. Nf3 d5 2. d4 Bf5 3. c4 dxc4 4. Nc3 Nf6 5. Bg5 Ne4 6. Nxe4 Bxe4 7. e3 Qd5 8.
Qa4+ b5 9. Qd1 c6 10. Bf4 e6 11. Be2 Bb4+ 12. Kf1 Nd7 13. h4 Nf6 14. a4 a5 15.
axb5 cxb5 16. h5 Nxh5 17. Be5 Nf6 18. Bxf6 gxf6 19. Rh6 Ke7 20. Nh4 Rag8 21.
Nf3 Rg6 22. Rh5 Qxh5 23. Ng1 Bxg2# 0-1

[Event "Mike Shpan mem"]
[Site "Winnipeg CAN"]
[Date "2002.11.05"]
[Round "1.5"]
[White "Rutter, Blair"]
[Black "Anderson, George"]
[Result "1-0"]
[WhiteElo "1649"]
[BlackElo "1468"]
[PlyCount "69"]
[EventDate "2002.11.05"]
[EventType "swiss"]
[EventRounds "6"]
[EventCountry "CAN"]
[Source "ChessBase"]
[SourceDate "2003.11.25"]

1. d4 e6 2. c4 Nf6 3. Nc3 Bb4 4. Bd2 O-O 5. Qc2 Nc6 6. Nf3 b6 7. e4 Bxc3 8.
Bxc3 d5 9. e5 Ne4 10. Bd3 f5 11. exf6 Nxf6 12. O-O Bb7 13. Ng5 Qe7 14. Bxh7+
Kh8 15. Rae1 Ng4 16. Nxe6 Qh4 17. h3 Rxf2 18. Rxf2 Nxf2 19. Qxf2 Qxf2+ 20. Kxf2
Kxh7 21. Nxc7 Rc8 22. Nxd5 Na5 23. Bxa5 bxa5 24. b3 a4 25. Re5 Bxd5 26. Rxd5
axb3 27. axb3 a6 28. Ra5 Rb8 29. Rxa6 Rxb3 30. d5 Kg8 31. c5 Kf8 32. d6 Rc3 33.
c6 Ke8 34. Ra8+ Kf7 35. c7 1-0

[Event "Mike Shpan mem"]
[Site "Winnipeg CAN"]
[Date "2002.11.05"]
[Round "1.6"]
[White "Hogeveen Rutter, Alexander"]
[Black "Hanrahan, Nigel"]
[Result "0-1"]
[WhiteElo "1489"]
[BlackElo "1642"]
[PlyCount "42"]
[EventDate "2002.11.05"]
[EventType "swiss"]
[EventRounds "6"]
[EventCountry "CAN"]
[Source "ChessBase"]
[SourceDate "2003.11.25"]

1. e4 c6 2. d4 d5 3. e5 Bf5 4. Nf3 e6 5. Nc3 Bb4 6. Bd2 Ne7 7. a3 Bxc3 8. bxc3
O-O 9. c4 Nd7 10. Bb4 dxc4 11. Bxc4 Nb6 12. Be2 Nbd5 13. Bd6 Qa5+ 14. Nd2 Qc3
15. Bc4 Rfd8 16. Bc5 b6 17. Bd6 Qxd4 18. Ba6 Rd7 19. c4 Nc3 20. Qc1 Ne4 21. Nf3
Qxf2+ 0-1

[Event "Mike Shpan mem"]
[Site "Winnipeg CAN"]
[Date "2002.11.05"]
[Round "1.8"]
[White "Gibbons, Lorne"]
[Black "Anderson, Collin"]
[Result "0-1"]
[WhiteElo "1255"]
[BlackElo "1605"]
[PlyCount "111"]
[EventDate "2002.11.05"]
[EventType "swiss"]
[EventRounds "6"]
[EventCountry "CAN"]
[Source "ChessBase"]
[SourceDate "2003.11.25"]

1. d4 Nf6 2. c4 c5 3. Nf3 e6 4. Nc3 a6 5. Bf4 cxd4 6. Nxd4 d6 7. Bg3 Be7 8. e3
e5 9. Nb3 O-O 10. Bd3 Nc6 11. a3 Be6 12. Qc2 Rc8 13. Nd2 h6 14. Nce4 Nxe4 15.
Nxe4 d5 16. cxd5 Bxd5 17. O-O f5 18. Nc3 Nd4 19. exd4 exd4 20. Be5 dxc3 21.
Bxc3 f4 22. Rad1 Kh8 23. Be4 Bxe4 24. Qxe4 Qe8 25. Rfe1 Rf7 26. Qxb7 Rd8 27.
Rxd8 Qxd8 28. Qxa6 Bf8 29. Qb5 f3 30. Qh5 Kg8 31. gxf3 Qd3 32. Re3 Qd7 33. Qg4
Rf5 34. h4 Qd1+ 35. Kg2 Rf7 36. Re6 Qc1 37. Re1 Qc2 38. Qe4 Qb3 39. Qe8 Qd5 40.
Qe4 Qb3 41. Re2 Bxa3 42. Qa8+ Bf8 43. Re8 Qc4 44. Rd8 Qxh4 45. Rd4 Qh5 46. Rg4
Qf5 47. Qe4 Qd7 48. Rf4 Re7 49. Qc4+ Qe6 50. Qxe6+ Rxe6 51. Re4 Rb6 52. f4 Kf7
53. f5 Be7 54. Ra4 Rb5 55. Ra7 Rxf5 56. Bxg7 0-1

[Event "Mike Shpan mem"]
[Site "Winnipeg CAN"]
[Date "2002.11.05"]
[Round "1.9"]
[White "Tetrault, Claude"]
[Black "Gibson, Fred"]
[Result "1-0"]
[WhiteElo "1594"]
[BlackElo "905"]
[PlyCount "111"]
[EventDate "2002.11.05"]
[EventType "swiss"]
[EventRounds "6"]
[EventCountry "CAN"]
[Source "ChessBase"]
[SourceDate "2003.11.25"]

1. d4 d5 2. c4 c6 3. Nc3 Nf6 4. Nf3 g6 5. Bg5 Bg7 6. e3 O-O 7. Rc1 Be6 8. Qb3
Qc7 9. Bf4 Qb6 10. Qa3 c5 11. Na4 Qb4+ 12. Qxb4 cxb4 13. Nc5 Nbd7 14. Nxb7 dxc4
15. Bxc4 Rac8 16. b3 Bd5 17. Ke2 Bxb7 18. Rhd1 Bd5 19. h3 Nb6 20. Ba6 Ne4 21.
Bxc8 Nc3+ 22. Rxc3 bxc3 23. Ba6 c2 24. Rc1 Be4 25. Ne1 Nd5 26. Nxc2 Nc3+ 27.
Kd2 Nxa2 28. Ra1 Bxc2 29. Kxc2 Nb4+ 30. Kd2 Rd8 31. Ke2 Nd5 32. Bg3 Nc3+ 33.
Kd3 Nd5 34. Bc4 Nb4+ 35. Kc3 Nc6 36. Rd1 e5 37. d5 e4+ 38. Kd2 Nb4 39. Ke2 Nc2
40. f3 f5 41. Bc7 Rd7 42. d6+ Kf8 43. Bb5 Ke8 44. Bxd7+ Kxd7 45. Rd5 Bf6 46.
Ra5 Nb4 47. Rxa7 Nc6 48. Ra8 Bd8 49. Bxd8 Nxd8 50. Ra7+ Kxd6 51. Rxh7 Ke6 52.
Kd2 Kf6 53. b4 Ne6 54. b5 Nc5 55. b6 Ke6 56. b7 1-0

[Event "Mike Shpan mem"]
[Site "Winnipeg CAN"]
[Date "2002.11.05"]
[Round "5.3"]
[White "Pottinger, Carl"]
[Black "Estabrooks, Mike"]
[Result "0-1"]
[WhiteElo "1521"]
[BlackElo "1783"]
[PlyCount "130"]
[EventDate "2002.11.05"]
[EventType "swiss"]
[EventRounds "6"]
[EventCountry "CAN"]
[Source "ChessBase"]
[SourceDate "2003.11.25"]

1. Nf3 d5 2. c4 c6 3. cxd5 cxd5 4. g3 Nf6 5. b3 Bf5 6. Bb2 Nc6 7. Bg2 e6 8. O-O
Rc8 9. d3 Be7 10. Nbd2 O-O 11. Nd4 Nxd4 12. Bxd4 Bc5 13. Nf3 h6 14. Rc1 Qe7 15.
Bxc5 Rxc5 16. Rxc5 Qxc5 17. Qc1 Rc8 18. Qxc5 Rxc5 19. Nd4 Bg6 20. Rd1 e5 21.
Nf3 Nd7 22. d4 exd4 23. Nxd4 a6 24. b4 Rc4 25. Bxd5 Rxb4 26. Nf3 Nf6 27. Bb3
Re4 28. e3 Re8 29. Kg2 Be4 30. Rd2 Bc6 31. h3 Ne4 32. Rd4 Ng5 33. Bd5 Bxd5 34.
Rxd5 Nxf3 35. Kxf3 Re6 36. a4 Kf8 37. h4 Ke7 38. Ke2 Re4 39. a5 Ra4 40. f4 f6
41. Kf3 Rb4 42. Rd3 Rb5 43. Ra3 Kd6 44. g4 Kc5 45. Ra4 Rb4 46. Ra1 Kb5 47. Ra3
Kc4 48. Ke4 g6 49. g5 hxg5 50. hxg5 Kc5+ 51. Kf3 f5 52. Ke2 Kd5 53. Kd3 Rb5 54.
Ra4 Rb3+ 55. Ke2 Kc5 56. Rd4 b6 57. Rd7 bxa5 58. Rg7 Rb6 59. Re7 Kb4 60. e4
fxe4 61. Ke3 a4 62. Kxe4 a3 63. f5 a2 64. f6 a1=Q 65. f7 Qe1+ 0-1

[Event "Mike Shpan mem"]
[Site "Winnipeg CAN"]
[Date "2002.11.05"]
[Round "5.4"]
[White "Gibbons, Lorne"]
[Black "Rutter, Blair"]
[Result "0-1"]
[WhiteElo "1255"]
[BlackElo "1649"]
[PlyCount "36"]
[EventDate "2002.11.05"]
[EventType "swiss"]
[EventRounds "6"]
[EventCountry "CAN"]
[Source "ChessBase"]
[SourceDate "2003.11.25"]

1. d4 d5 2. c4 c6 3. Nc3 Nf6 4. Bf4 Bf5 5. e3 e6 6. Be2 Bd6 7. Bxd6 Qxd6 8. g4
Bg6 9. c5 Qc7 10. f4 h6 11. h4 Nbd7 12. b4 b6 13. g5 hxg5 14. fxg5 Nh7 15. Nf3
Be4 16. Rg1 Nhf8 17. Rg4 Bf5 18. Rf4 Ng6 0-1

[Event "Mike Shpan mem"]
[Site "Winnipeg CAN"]
[Date "2002.11.05"]
[Round "5.5"]
[White "Hanrahan, Nigel"]
[Black "Kwiatek, Jordan"]
[Result "0-1"]
[WhiteElo "1642"]
[BlackElo "1513"]
[PlyCount "86"]
[EventDate "2002.11.05"]
[EventType "swiss"]
[EventRounds "6"]
[EventCountry "CAN"]

1. c4 g6 2. g3 Bg7 3. Bg2 d6 4. Nc3 c6 5. Nf3 Bg4 6. d3 Na6 7. O-O Nf6 8. Rb1
O-O 9. b4 Nd7 10. Qc2 Nc7 11. h3 Bf5 12. e4 Be6 13. Ng5 a5 14. Nxe6 Nxe6 15.
Ne2 Nd4 16. Nxd4 Bxd4 17. Be3 Bg7 18. d4 axb4 19. Rxb4 Bxd4 20. Bxd4 c5 21.
Rxb7 cxd4 22. Rb2 e5 23. Rfb1 Qa5 24. Rb5 Qxa2 25. Qxa2 Rxa2 26. Rd5 Ra6 27.
Bf1 Rc6 28. c5 Nxc5 29. Rc1 Rfc8 30. Bb5 Rb6 31. Bd7 Rd8 32. Rcxc5 dxc5 33. Bc6
Rxd5 34. exd5 Kf8 35. Kf1 Ke7 36. Ke2 Kd6 37. Ba8 c4 38. Kd1 Rb2 39. f4 e4 40.
Bc6 d3 41. g4 e3 42. Kc1 Rc2+ 43. Kb1 e2 0-1

[Event "Mike Shpan mem"]
[Site "Winnipeg CAN"]
[Date "2002.11.05"]
[Round "5.7"]
[White "Tetrault, Charles"]
[Black "Anderson, George"]
[Result "1-0"]
[WhiteElo "1598"]
[BlackElo "1468"]
[PlyCount "57"]
[EventDate "2002.11.05"]
[EventType "swiss"]
[EventRounds "6"]
[EventCountry "CAN"]
[Source "ChessBase"]
[SourceDate "2003.11.25"]

1. Nc3 e5 2. Nf3 Nc6 3. d3 f5 4. Bg5 Be7 5. Qd2 f4 6. Bxe7 Ngxe7 7. O-O-O d5 8.
d4 e4 9. Ne5 O-O 10. g3 Nxe5 11. dxe5 fxg3 12. hxg3 c6 13. f4 Bg4 14. Bh3 Qd7
15. Bxg4 Qxg4 16. e3 Rf5 17. Nxe4 dxe4 18. Qd7 Qxg3 19. Qxe7 Qxe3+ 20. Kb1 Qxf4
21. e6 Raf8 22. Rhg1 Qh6 23. Qxb7 Qf6 24. Qd7 Rf1 25. e7 Rxd1+ 26. Rxd1 Rb8 27.
e8=Q+ Rxe8 28. Qxe8+ Qf8 29. Qxe4 1-0

[Event "Mike Shpan mem"]
[Site "Winnipeg CAN"]
[Date "2002.11.05"]
[Round "5.8"]
[White "Gibson, Fred"]
[Black "Hogeveen Rutter, Alexander"]
[Result "0-1"]
[WhiteElo "905"]
[BlackElo "1489"]
[PlyCount "115"]
[EventDate "2002.11.05"]
[EventType "swiss"]
[EventRounds "6"]
[EventCountry "CAN"]
[Source "ChessBase"]
[SourceDate "2003.11.25"]

1. d4 d5 2. c4 dxc4 3. e4 Nf6 4. Nc3 Nc6 5. Nf3 Bg4 6. Bxc4 Bxf3 7. gxf3 Qxd4
8. Bb5 Qxd1+ 9. Nxd1 e5 10. a3 O-O-O 11. Bxc6 bxc6 12. Be3 Kb7 13. Nc3 g6 14.
Bg5 Bg7 15. Ke2 h6 16. Be3 Nd7 17. Na4 f5 18. Rac1 f4 19. Bd2 g5 20. Ba5 Bf8
21. Rhd1 Be7 22. Rc4 Nb6 23. Rxd8 Rxd8 24. Nc5+ Bxc5 25. Rxc5 Re8 26. Rc2 Rd8
27. Bd2 Nc8 28. Bc3 Re8 29. Rd2 Nd6 30. b3 Nb5 31. Bb2 c5 32. Rd5 Nd4+ 33. Kd3
c6 34. Rd6 Nxb3 35. Bc3 Nd4 36. Bxd4 cxd4 37. Rxh6 Kb6 38. Rg6 Rh8 39. Rxg5
Rxh2 40. Rxe5 Rxf2 41. Kxd4 Rxf3 42. Rf5 Rf1 43. e5 f3 44. Ke3 f2 45. Rxf2 Rxf2
46. Kxf2 c5 47. e6 Kc6 48. e7 Kd7 49. e8=Q+ Kxe8 50. Ke2 Kd7 51. Kd3 Kd6 52.
Kc4 a6 53. a4 Kc6 54. Kc3 Kd5 55. a5 c4 56. Kc2 Kc5 57. Kc3 Kd5 58. Kb4 0-1

[Event "Mike Shpan mem"]
[Site "Winnipeg CAN"]
[Date "2002.11.05"]
[Round "5.9"]
[White "Tetrault, Claude"]
[Black "Kohalmi, Andy"]
[Result "1-0"]
[WhiteElo "1594"]
[BlackElo "1554"]
[PlyCount "95"]
[EventDate "2002.11.05"]
[EventType "swiss"]
[EventRounds "6"]
[EventCountry "CAN"]
[Source "ChessBase"]
[SourceDate "2003.11.25"]

1. d4 Nf6 2. c4 g6 3. Nc3 d5 4. Nf3 Bg7 5. Bg5 c6 6. e3 Nbd7 7. Bd3 O-O 8. O-O
dxc4 9. Bxc4 Nb6 10. Be2 Be6 11. Rc1 Nbd5 12. a3 Rc8 13. Bh4 h6 14. Bg3 Ne8 15.
Na4 b6 16. Ba6 Nd6 17. Bxc8 Qxc8 18. Ne5 Bxe5 19. Bxe5 Ne4 20. Qc2 f6 21. Qxe4
Bf5 22. Qxd5+ cxd5 23. Rxc8 Rxc8 24. Bg3 Rc2 25. Bb8 Bd7 26. Nc3 a6 27. Nxd5
Rxb2 28. Nxe7+ Kf7 29. Nd5 Ke6 30. Nc7+ Kf5 31. Nxa6 Bb5 32. e4+ Kg5 33. Nc7
Bxf1 34. Ne6+ Kh5 35. Kxf1 Rb1+ 36. Ke2 Rb2+ 37. Kf3 Rb3+ 38. Kf4 Rb2 39. Kg3
Rb3+ 40. f3 g5 41. h3 Rxa3 42. d5 Kg6 43. Bc7 b5 44. d6 Rd3 45. Nc5 Rd1 46. d7
Rxd7 47. Nxd7 b4 48. Nc5 1-0

[Event "Mike Shpan mem"]
[Site "Winnipeg CAN"]
[Date "2002.11.05"]
[Round "6.1"]
[White "Schulz, Waldemar"]
[Black "Greenberg, Harley"]
[Result "1-0"]
[WhiteElo "2075"]
[BlackElo "1781"]
[PlyCount "81"]
[EventDate "2002.11.05"]
[EventType "swiss"]
[EventRounds "6"]
[EventCountry "CAN"]
[Source "ChessBase"]
[SourceDate "2003.11.25"]

1. Nf3 Nf6 2. g3 g6 3. Bg2 Bg7 4. O-O O-O 5. c4 d6 6. d4 c5 7. Nc3 Na6 8. d5
Nc7 9. Bg5 h6 10. Bd2 Rb8 11. a4 a6 12. a5 b5 13. axb6 Rxb6 14. Qc1 Kh7 15. Qc2
Bf5 16. e4 Nxe4 17. Nxe4 Rxb2 18. Qd3 Bxe4 19. Qxe4 e5 20. Bc3 f5 21. Qe3 Rb3
22. Rac1 a5 23. Nd2 Ra3 24. Ra1 f4 25. Qd3 e4 26. Nxe4 Rb3 27. Qc2 Bxc3 28.
Nxc3 Rb4 29. Qd3 Rb3 30. Qc2 Rb4 31. Qd3 Rb3 32. Rfb1 a4 33. Rxa4 Rxb1+ 34.
Nxb1 Qe8 35. Ra7 f3 36. Rxc7+ Kh8 37. Qc3+ Qe5 38. Qxe5+ dxe5 39. d6 Rb8 40.
Bxf3 Rxb1+ 41. Kg2 1-0

[Event "Mike Shpan mem"]
[Site "Winnipeg CAN"]
[Date "2002.11.05"]
[Round "6.3"]
[White "Rutter, Blair"]
[Black "Anderson, Collin"]
[Result "1-0"]
[WhiteElo "1596"]
[BlackElo "1528"]
[PlyCount "94"]
[EventDate "2002.11.05"]
[EventType "swiss"]
[EventRounds "6"]
[EventCountry "CAN"]
[Source "ChessBase"]
[SourceDate "2003.11.25"]

1. d4 Nf6 2. c4 e6 3. Nc3 Bb4 4. Qc2 c5 5. a3 Qa5 6. dxc5 Bxc3+ 7. bxc3 Nc6 8.
e3 O-O 9. Nf3 Qxc5 10. a4 Qa5 11. Bd3 e5 12. Nd2 d6 13. Ba3 Qc7 14. Rb1 Be6 15.
Ne4 Nxe4 16. Bxe4 f5 17. Bd5 Bxd5 18. cxd5 Ne7 19. c4 Rac8 20. O-O b6 21. Rfd1
Rfd8 22. Rbc1 Qd7 23. f4 e4 24. Bb2 Ng6 25. g3 Rc7 26. Qb3 Rdc8 27. Rc2 Nf8 28.
Rdc1 Qf7 29. Ba3 Qe7 30. c5 bxc5 31. Bxc5 Rxc5 32. Rxc5 Rxc5 33. Rxc5 dxc5 34.
d6+ Qf7 35. Qb8 Qd7 36. a5 Kf7 37. Qc7 g6 38. Qxc5 Ne6 39. Qd5 Ke8 40. Kg2 Qf7
41. Qc6+ Qd7 42. Qd5 Kf8 43. Qe5 Kg8 44. Qd5 Qf7 45. Qc6 Kg7 46. d7 h6 47. Qxe6
Kf8 1-0

[Event "Mike Shpan mem"]
[Site "Winnipeg CAN"]
[Date "2002.11.05"]
[Round "6.4"]
[White "Tetrault, Charles"]
[Black "Milord, Frank"]
[Result "1-0"]
[WhiteElo "1591"]
[BlackElo "1635"]
[PlyCount "83"]
[EventDate "2002.11.05"]
[EventType "swiss"]
[EventRounds "6"]
[EventCountry "CAN"]
[Source "ChessBase"]
[SourceDate "2003.11.25"]

1. Nf3 c5 2. g3 Nc6 3. Bg2 d5 4. c4 d4 5. O-O e5 6. d3 Be7 7. e4 h5 8. h4 Bg4
9. Qe1 Qd7 10. Bd2 f6 11. a3 a5 12. Qc1 Nh6 13. Bxh6 Rxh6 14. Nbd2 a4 15. Kh2
Kf7 16. Rh1 Rah8 17. Qc2 Na5 18. Rab1 Bxf3 19. Nxf3 Nb3 20. Kg1 Qd6 21. Nd2
Nxd2 22. Qxd2 g5 23. b3 gxh4 24. Rxh4 f5 25. Rh3 fxe4 26. Bxe4 Qd7 27. Rh2 h4
28. bxa4 R8h7 29. Bxh7 Rxh7 30. Qe2 Bf6 31. Qf3 Kg6 32. Rb6 Qf5 33. Qxf5+ Kxf5
34. Rb5 Rg7 35. Kg2 hxg3 36. fxg3 Rc7 37. Kf3 Bg5 38. Rb6 Bf6 39. Rh6 Rf7 40.
Rhxf6+ Rxf6 41. Rxf6+ Kxf6 42. Ke4 1-0

[Event "Mike Shpan mem"]
[Site "Winnipeg CAN"]
[Date "2002.11.05"]
[Round "6.6"]
[White "Hanrahan, Nigel"]
[Black "Pottinger, Carl"]
[Result "1/2-1/2"]
[WhiteElo "1642"]
[BlackElo "1591"]
[PlyCount "61"]
[EventDate "2002.11.05"]
[EventType "swiss"]
[EventRounds "6"]
[EventCountry "CAN"]
[Source "ChessBase"]
[SourceDate "2003.11.25"]

1. c4 c5 2. g3 g6 3. Bg2 Bg7 4. Nc3 Nf6 5. Nf3 Nc6 6. O-O O-O 7. a3 d6 8. d3
Bd7 9. Rb1 Rb8 10. Bd2 Qc8 11. Re1 a6 12. b4 cxb4 13. axb4 b5 14. cxb5 axb5 15.
Ng5 h6 16. Nge4 Nxe4 17. Bxe4 e6 18. Qc1 Kh7 19. Nd1 Ne7 20. Bc3 e5 21. Qb2 Bc6
22. Bxc6 Nxc6 23. e4 Qd7 24. Ne3 Ne7 25. f4 f6 26. d4 exf4 27. gxf4 Rf7 28. d5
Rd8 29. Kg2 Kg8 30. h3 Kh7 31. Bd4 1/2-1/2

[Event "Mike Shpan mem"]
[Site "Winnipeg CAN"]
[Date "2002.11.05"]
[Round "6.7"]
[White "Hogeveen Rutter, Alexander"]
[Black "Tetrault, Claude"]
[Result "1-0"]
[WhiteElo "1438"]
[BlackElo "1608"]
[PlyCount "49"]
[EventDate "2002.11.05"]
[EventType "swiss"]
[EventRounds "6"]
[EventCountry "CAN"]
[Source "ChessBase"]
[SourceDate "2003.11.25"]

1. e4 c5 2. Nf3 d6 3. d4 cxd4 4. Nxd4 Nf6 5. Nc3 Bd7 6. Bc4 g6 7. O-O Bg7 8.
Kh1 Nc6 9. Nxc6 Bxc6 10. Bd5 Rc8 11. Bxc6+ Rxc6 12. f4 O-O 13. f5 a6 14. fxg6
fxg6 15. Bg5 Qc7 16. Nd5 Qd7 17. e5 Nxd5 18. Qxd5+ e6 19. Rxf8+ Bxf8 20. Qd3
Bg7 21. Bf4 d5 22. c3 Qc7 23. Qe3 Qb6 24. Qd2 Rc7 25. h4 1-0

[Event "Mike Shpan mem"]
[Site "Winnipeg CAN"]
[Date "2002.11.05"]
[Round "6.9"]
[White "Kohalmi, Andy"]
[Black "Gibson, Fred"]
[Result "1/2-1/2"]
[WhiteElo "1575"]
[BlackElo "905"]
[PlyCount "82"]
[EventDate "2002.11.05"]
[EventType "swiss"]
[EventRounds "6"]
[EventCountry "CAN"]
[Source "ChessBase"]
[SourceDate "2003.11.25"]

1. d4 d5 2. c4 c6 3. e3 Nf6 4. Nc3 g6 5. Nf3 Bg4 6. Be2 Bg7 7. cxd5 cxd5 8. Qb3
b6 9. Bb5+ Nbd7 10. Ne5 O-O 11. Nc6 Qe8 12. Qa3 e6 13. f3 Bf5 14. g4 Be4 15.
fxe4 Nxe4 16. Nxe4 dxe4 17. Bd2 a5 18. Qd6 f6 19. Ne7+ Kh8 20. Qxd7 Qxd7 21.
Bxd7 Ra7 22. Nxg6+ hxg6 23. Bxe6 Re8 24. Bc4 Bf8 25. Bf7 Rxf7 26. Rc1 Be7 27.
Rc7 Kg7 28. Rb7 Bd8 29. Rb8 g5 30. Bc3 Rd7 31. Rf1 Rf8 32. Rc8 Rh8 33. Rf2 Rd5
34. Rc6 Kf7 35. Kf1 Ke7 36. Rcxf6 Rxh2 37. Rf7+ Ke6 38. Rf8 Rxf2+ 39. Kxf2 Rd7
40. Re8+ Be7 41. Rh8 Bd8 1/2-1/2

[Event "Millenium"]
[Site "Quebec CAN"]
[Date "2002.12.09"]
[Round "4"]
[White "Gaudreau, Eric"]
[Black "Cote, Jocelyn"]
[Result "0-1"]
[WhiteElo "1619"]
[BlackElo "1859"]
[PlyCount "76"]
[EventDate "2002.11.18"]
[EventType "swiss"]
[EventRounds "5"]
[EventCountry "CAN"]

1. d4 Nf6 2. Nf3 g6 3. c4 d6 4. Nc3 Bg7 5. e4 O-O 6. Be2 Nfd7 7. O-O e5 8. d5
f6 9. Be3 Rf7 10. Qd2 Nf8 11. Rfd1 a6 12. b4 f5 13. Bg5 Qe8 14. Bh6 f4 15. Bxg7
Rxg7 16. c5 Nbd7 17. cxd6 cxd6 18. Ne1 Nf6 19. Nd3 g5 20. f3 Rg6 21. Nf2 Rh6
22. Ng4 Bxg4 23. fxg4 Qd7 24. h3 Qg7 25. Rac1 Rh4 26. Bf3 h5 27. Qe2 hxg4 28.
Bxg4 Nxg4 29. hxg4 Qd7 30. Kf2 Rxg4 31. Rh1 Ng6 32. Rh2 Nh4 33. Na4 f3 34. Nb6
Qf7 35. gxf3 Rf8 36. Ke3 Qf4+ 37. Kd3 Qxc1 38. Rxh4 Rxh4 0-1